000 00750nam a2200241Ia 4500
001 15407
003 GE_BSU
008 181216s||||||||xx |||||||||||||| ||und||
040 _cGE_BSU
080 _a821.353.1-1
100 _aქუთათელაძე,გენრიეტა
245 _aგვიმრის ყვავილი
245 _bლექსები პროზად
245 _cრედ.ა.ხაბაზი
260 _aბათუმი
260 _bს/ა მესხეთი
260 _c1998
300 _a63გვ.1ფ.პორტრ.18სმ.
541 _h1ლ.
653 _aგვიმრის ყვავილი
653 _aლექსები პროზად
942 _cBK
999 _c48510
_d48510